7 Strathray Gardens Ltd v Pointstar Shipping and Finance Ltd and another (Record no. 74762)

MARC details
000 -LEADER
fixed length control field 02312cab a2200265 4500
001 - CONTROL NUMBER
control field ABS68657
008 - FIXED-LENGTH DATA ELEMENTS--GENERAL INFORMATION
fixed length control field 050126n2004 000 0 eng u
035 ## - SYSTEM CONTROL NUMBER
System control number (Sirsi) u128620
245 ## - TITLE STATEMENT
Title 7 Strathray Gardens Ltd v Pointstar Shipping and Finance Ltd and another
260 ## - PUBLICATION, DISTRIBUTION, ETC.
Date of publication, distribution, etc. 2004
490 ## - SERIES STATEMENT
Series statement Estates Gazette
Volume/sequential designation [2005] 01 EG 95 (CS)
490 ## - SERIES STATEMENT
Series statement Estates Gazette
Volume/sequential designation [[2005] 07 EG 144-151(8)
520 ## - SUMMARY, ETC.
Summary, etc. [2004] EWCA Civ 1669, 15 December 2004. Considered if the requirement in the Leasehold Reform (Collective Enfranchisement) (Counter-Notices (England) Regulations 2002 para 4 was directory and a failure to comply invalidated a counter-notice. Appeal by P against an order that its counter-notice served under the Leasehold Reform, Housing and Urban Development Act 1993 s21 in response to a collective enfranchisement notice was invalid and that U was entitled to acquire the freehold and leasehold interests in the premises. The notice did not state as required by para 4 whether the premises were in the area of a scheme approved as an estate management scheme. As they were not, the notice should have a negative statement to this effect. The judge found the requirement in the para 4 to be mandatory, invalidating the counter-notice. P contended that the requirement was directory. "Held": appeal allowed. Paragraph 4 does not form part of the requirements of s21(3) but is a requirement in its own right. The effect of non-compliance with a particular statutory requirement depended on the particular statutory scheme. The requirement in para 4 for a negative statement was not mandatory.
590 ## - LOCAL NOTE (RLIN)
Local note ABS
650 ## - SUBJECT ADDED ENTRY--TOPICAL TERM
Topical term or geographic name entry element SEVEN STRATHRAY GARDENS V POINTSTAR SHIPPING AND FINANCE LTD AND ANOTHER
650 ## - SUBJECT ADDED ENTRY--TOPICAL TERM
Topical term or geographic name entry element LEASEHOLD REFORM, HOUSING AND URBAN DEVELOPMENT ACT 1993 S21
650 ## - SUBJECT ADDED ENTRY--TOPICAL TERM
Topical term or geographic name entry element LEASEHOLD REFORM, HOUSING AND URBAN DEVELOPMENT ACT 1993 S21(3)
650 ## - SUBJECT ADDED ENTRY--TOPICAL TERM
Topical term or geographic name entry element LEASEHOLD REFORM (COLLECTIVE ENFRANCHISEMENT) (COUNTER-NOTICES (ENGLAND) REGULATIONS 2002 PARA 4
650 ## - SUBJECT ADDED ENTRY--TOPICAL TERM
Topical term or geographic name entry element BURMAN V MOUNT COOK LAND LTD
650 ## - SUBJECT ADDED ENTRY--TOPICAL TERM
Topical term or geographic name entry element PETCH V GURNEY (HMIT)
650 ## - SUBJECT ADDED ENTRY--TOPICAL TERM
Topical term or geographic name entry element LEASEHOLD ENFRANCHISEMENT
690 ## - LOCAL SUBJECT ADDED ENTRY--TOPICAL TERM (OCLC, RLIN)
Topical term or geographic name as entry element LANDLORD AND TENANT-LEASES-CASE LAW
856 ## - ELECTRONIC LOCATION AND ACCESS
Uniform Resource Identifier <a href="https://www.bailii.org/cgi-bin/markup.cgi?doc=/ew/cases/EWCA/Civ/2004/1669.html">https://www.bailii.org/cgi-bin/markup.cgi?doc=/ew/cases/EWCA/Civ/2004/1669.html</a>
Public note View the decision at the www.bailii.org website.
942 ## - ADDED ENTRY ELEMENTS (KOHA)
Suppress in OPAC 0
Holdings
Withdrawn status Lost status Source of classification or shelving scheme Damaged status Not for loan Home library Current library Shelving location Date acquired Total Checkouts Full call number Barcode Date last seen Copy number Price effective from Koha item type
    Dewey Decimal Classification     London London Journal article 26/01/2005   ABS68657 128620-1001 06/08/2019 1 06/08/2019 Law report